000 00535nam a2200193Ia 4500
008 170918s9999 xx 000 0 und d
020 _a590383698
050 _bR788 1999
100 _aRosales, Melodye Benson
245 _aLeola and the honeybears : an African-American retelling of Goldilocks and the three bears /
245 _cMelodye Benson Rosales.
260 _aNew York :
260 _bScholastic,
260 _c1999
300 _a37 pages :
300 _bcolored illustration ;
300 _c31cm.
500 _a800
999 _c342172
_d342172